Statystyki dla Pięć największych krajów według szerokości geograficznej

Kliknij tutaj aby rozwiązać quiz!

Ogólne statystyki

  • Ten quiz został rozwiązany 181 razy
  • Średni wynik to 20 z 27

Statystyki odpowiedzi

szerokość geograficznaPaństwo% Poprawnych
75°N, 60°N, 45°NRosja
100%
45°N, 30°NChiny
98%
75°N, 60°N, 45°NKanada
98%
60°N, 45°N, 30°NStany Zjednoczone
98%
0°, 15°S, 30°SBrazylia
93%
15°S, 30°SAustralia
91%
30°N, 15°NIndie
89%
30°S, 45°SArgentyna
86%
30°SRepublika Południowej Afryki
84%
45°NKazachstan
80%
15°NMeksyk
77%
30°NAlgieria
76%
Demokratyczna Republika Konga
76%
Indonezja
76%
30°S, 45°SChile
74%
30°NArabia saudyjska
70%
60°NSzwecja
66%
15°NSudan
65%
15°NNiger
64%
60°NNorwegia
64%
45°SNowa Zelandia
63%
15°SPeru
63%
Kolumbia
62%
15°SBoliwia
56%
15°NCzad
55%
15°SAngola
49%
Somalia
39%

Rozkład punktacji

Percentyl według liczby udzielonych odpowiedzi

Procent ludzi z każdym wynikiem

Twoja historia wyników

Nie rozwiązałeś tego quizu